Pascal / Nell Dale, Orshalick David (Registro nro. 12072)

Detalles MARC
000 -LÍDER
fixed length control field 00620nam a2200169 4500
008 - ELEMENTOS DE LONGITUD FIJA -- INFORMACIÓN GENERAL
fixed length control field 01986 1987 0a 000 0MEX
020 ## - NÚMERO INTERNACIONAL NORMALIZADO PARA LIBROS
ISBN 968-451-802-1
050 ## - SIGNATURA TOPOGRAFICA DE LA BIBLIOTECA DEL CONGRESO (LC)
Número de Clasificación QA76.73 P3 D139 1986
082 ## - NUMERO DE CLASIFICACION DECIMAL DEWEY
Número de Clasificación 001.642.4 D324p
100 ## - ASIENTO PRINCIPAL--NOMBRE PERSONAL
Nombre personal Dale, Nell
245 ## - TÍTULO
Título Pascal / Nell Dale, Orshalick David
260 ## - PUBLICACIÓN, DISTRIBUCIÓN, ETC. (PIE DE IMPRENTA)
Lugar de publicación, distribución, etc. México: McGraw-Hill
300 ## - DESCRIPCIÓN FÍSICA
Extensión xvii, 474 p. / 23 cm.
500 ## - NOTA GENERAL
Nota general Incluye prólogo, glosario, respuestas, índice y asiganaciones de programación.
650 ## - ASIENTO SECUNDARIO DE MATERIA - TERMINO TEMÁTICO
Término temático o nombre geográfico como elemento de entrada 1. PASCAL (LENGUAJE DE PROGRAMACION PARA COMPUTADORAS)
700 ## - ASIENTO SECUNDARIO - NOMBRE PERSONAL
Nombre personal Troya Linero, José María, Coaut. \ Vaquero S nchez, Antonio, Tr.
Existencias
No. biblioteca No. biblioteca Número de clasificación Código de barras/Número de adquisición Número de copia Tipo de material
LUIS G. INCLAN LUIS G. INCLAN 001.642.4 D324p 9343 4 Libros
LUIS G. INCLAN LUIS G. INCLAN 001.642.4 D324p 9344 5 Libros
LUIS G. INCLAN LUIS G. INCLAN 001.642.4 D324p 8100 2 Libros
LUIS G. INCLAN LUIS G. INCLAN 001.642.4 D324p 9342 3 Libros
Calzada Tecnológico # 27, Zacatepec, Morelos.
01(734) 343-07-23 / 343-21-10 / 343-21-11
Apdo. Postal 45 C.P 62780